000 00666nam a2200193Ia 4500
008 151121s9999||||xx |||||||||||||| ||und||
082 _a920/जाधव
082 _bHNW-69759
100 _aजाधव नरेंद्र
245 _aआमचा बाप आन् आम्ही
260 _b"ग्रंथाली प्रकाशन, मुंबई।"
260 _c--
300 _a209
600 _aजाधव नरेंद्र
630 _aआमचा बाप आन् आम्ही
700 _aजाधव नरेंद्र
730 _aआमचा बाप आन् आम्ही
942 _cBOOK
999 _c1251240
_d1251237